Passages in modern sculpture
Αποθηκεύτηκε σε:
| Κύριος συγγραφέας: | |
|---|---|
| Μορφή: | Βιβλίο |
| Γλώσσα: | English |
| Δημοσίευση: |
Cambridge [Mass.] :
MIT Press,
c1977.
|
| Θέματα: | |
| Ετικέτες: |
Προσθήκη ετικέτας
Δεν υπάρχουν, Καταχωρήστε ετικέτα πρώτοι!
|
MARC
| LEADER | 00000cam a2200000 i 4500 | ||
|---|---|---|---|
| 001 | 1/15996 | ||
| 008 | 010122s1977 mau| ||| |||| ||eng|| | ||
| 020 | |a 0262610337 | ||
| 035 | |l 10065617 | ||
| 040 | |a GR-MyUa |b gre |e AACR2 | ||
| 041 | 0 | |a eng | |
| 082 | 7 | |a 735.23 |2 (22) | |
| 100 | 1 | |a Krauss, Rosalind E. | |
| 245 | 1 | 0 | |a Passages in modern sculpture / |c Rosalind E. Krauss. |
| 260 | |a Cambridge [Mass.] : |b MIT Press, |c c1977. | ||
| 300 | |a ix, 308 σ. : |b εικ. ; |c 24 εκ. | ||
| 504 | |a Περιλαμβάνει βιβλιογραφία και ευρετήριο. | ||
| 650 | 0 | 0 | |a Sculpture, Modern |y 20th century. |
| 852 | |a INST |b SYROS |e 20010122 |h 735.23 KRA |p 005500001690 |q 005500001690 |t BK |y 0 | ||
| 901 | |a BIBL5-2001-1 | ||
| 922 | |a 5ΕΛΗ |b 200012 |c ΓΡΑΦΙΚΩΝ ΤΕΧΝΩΝ |d ΜΙΧΑΛΟΠΟΥΛΟΣ | ||
| 950 | |a 183-2000-12-09 | ||
| 970 | |a Κοντού |b Παρασκευή |z 25/01/2001 | ||